| 000 | 01838nam a2200241Ii 4500 | ||
|---|---|---|---|
| 008 | 221202s xx 000 0 und d | ||
| 100 | 1 |
_aLim, Sungyun, _eauthor |
|
| 245 | 0 | _aRules of the House | |
| 246 | _aFamily Law and Domestic Disputes in Colonial Korea | ||
| 264 |
_bUniversity of California Press _c2019 |
||
| 300 | _a1 online resource | ||
| 336 |
_atext _btxt _2rdacontent |
||
| 337 |
_acomputer _bc _2rdamedia |
||
| 338 |
_aonline resource _bcr _2rdacarrier |
||
| 520 | _aRules of the House examines the transformation of the Korean family during and after Japanese colonial rule. Through in-depth reading of civil litigation records, the book shows how the Japanese colonial legal system transformed Korean families from the traditional patrilineal family system into small, patriarchal households. The new domestic pattern proved remarkably durable, forming the basis of postcolonial family life. Women feature prominently in the book. Increasingly marginalized by patriarchy, women embodied the fault line between one family system as it receded and the other as it expanded under the auspices of Japanese colonial law. As a consequence, women's rights to family property, inheritance, divorce, and adoption of heirs were frequently challenged by family members. Far from being quiet victims, these women brought their cases to the colonial courts and won a surprising number of cases. The book highlights how legal discourse about women's rights in colonial civil courts articulated the transformation of the family. | ||
| 653 | _aAsia | ||
| 653 | _aGeneral | ||
| 653 | _aGeneral | ||
| 653 | _aHistory | ||
| 653 | _aHistory | ||
| 856 |
_uhttps://docs.google.com/spreadsheets/d/1yKIrdCPDAG_9c22mwoOIO2DOhtj65Wqa/edit?usp=sharing&ouid=106555315294820607512&rtpof=true&sd=true _yList of Curated E-Books |
||
| 942 | _cE-BOOK | ||
| 999 |
_c96372 _d96369 |
||